| 000 | 00676nam a2200193 a 4500 | ||
|---|---|---|---|
| 005 | 20140310183311.0 | ||
| 008 | 051018s19uu xx 00 eng d | ||
| 020 | _a0071412867 | ||
| 050 |
_aHD 53 _b.B468 2005 |
||
| 100 | _aBerry, John | ||
| 245 |
_aTangible strategies for intangible assets : _bhow to manage and measure your company's brand, patents, intellectual property, and other sources of value / _cJohn Berry. |
||
| 260 |
_aNew York, NY : _bMcGraw-Hill, _cc2005. |
||
| 300 |
_aix, 325 p. : _bill. ; _c24 cm. |
||
| 521 | _aBSBA | ||
| 650 |
_aIntangible property _xManagement. |
||
| 650 |
_aIntangible property _xValuation. |
||
| 942 |
_cBK _2lcc _kFOR |
||
| 999 |
_c21163 _d21163 |
||